| 000 | 00720nam a22002057a 4500 | ||
|---|---|---|---|
| 005 | 20120726121413.0 | ||
| 010 | _aG-002066-68 | ||
| 020 |
_aPA0820080 _c195.00 |
||
| 035 | _aG-002066-68 | ||
| 037 |
_adpl _bGift |
||
| 082 | _a921 | ||
| 100 |
_aSudan, K.K, _950683 |
||
| 245 |
_aFace to Face with Destiny/ _cby K.K. Sudan |
||
| 260 |
_aDelhi _bP & A Enterprises _c2008 |
||
| 270 |
_a1580/G-1, Raj Block, Naveen Shahdara _bDelhi _e110032 |
||
| 300 |
_a228 p. _c22 cm. |
||
| 942 |
_2ddc _cEN _mSUD _h921 |
||
| 999 |
_c68718 _d68718 |
||